<?xml version="1.0" encoding="UTF-8"?>
<record
    xmlns:xsi="http://www.w3.org/2001/XMLSchema-instance"
    xsi:schemaLocation="http://www.loc.gov/MARC21/slim http://www.loc.gov/standards/marcxml/schema/MARC21slim.xsd"
    xmlns="http://www.loc.gov/MARC21/slim">

  <leader>01500nam a2200313 a 4500</leader>
  <controlfield tag="001">BRL_949</controlfield>
  <controlfield tag="005">20190320210952.0</controlfield>
  <controlfield tag="008">281013s1994----mx-a######---#000-0#eng-#</controlfield>
  <datafield tag="020" ind1=" " ind2=" ">
    <subfield code="a">0963692224</subfield>
  </datafield>
  <datafield tag="041" ind1=" " ind2=" ">
    <subfield code="a">engspa</subfield>
  </datafield>
  <datafield tag="044" ind1=" " ind2=" ">
    <subfield code="a">mx</subfield>
  </datafield>
  <datafield tag="050" ind1=" " ind2="4">
    <subfield code="a">GR115.5.O29</subfield>
    <subfield code="b">.M97 1994</subfield>
  </datafield>
  <datafield tag="245" ind1="1" ind2="0">
    <subfield code="a">Myth &amp; Magic Oaxaca</subfield>
    <subfield code="b">Oaxaca past and present, Palo Alto Cultural Center, Palo Alto, California, August 21-November 2, 1994 = Mito y magia : Oaxaca pasado y presente, Centro Cultural de Palo Alto, Palo Alto, California, 21 de agosto-2 de noviembre 1994.</subfield>
  </datafield>
  <datafield tag="260" ind1=" " ind2=" ">
    <subfield code="a">Oaxaca, M&#xE9;xico : Palo Alto, California</subfield>
    <subfield code="b">Oaxaca de Ju&#xE1;rez : Palo Alto Cultural Center</subfield>
    <subfield code="c">1994</subfield>
  </datafield>
  <datafield tag="300" ind1=" " ind2=" ">
    <subfield code="a">96 p.</subfield>
    <subfield code="b">il.</subfield>
    <subfield code="c">28 cm.</subfield>
  </datafield>
  <datafield tag="500" ind1=" " ind2=" ">
    <subfield code="a">ej.1 Au1022, ej.2 Au1851</subfield>
  </datafield>
  <datafield tag="500" ind1=" " ind2=" ">
    <subfield code="a">La biblioteca cuenta con 2 ejemplares</subfield>
  </datafield>
  <datafield tag="500" ind1=" " ind2=" ">
    <subfield code="a">La exposici&#xF3;n y cat&#xE1;logo fueron curados y organizados por Mary Jane Gagnier de Mendoza and Linda Craighead para la ciudad de Oaxaca de Ju&#xE1;rez, Oaxaca, M&#xE9;xico, y el Centro Cultural de Palo Alto, Palo Alto, California</subfield>
  </datafield>
  <datafield tag="650" ind1="1" ind2="4">
    <subfield code="a">Cuentos</subfield>
    <subfield code="x">Exposiciones</subfield>
    <subfield code="z">Oaxaca (M&#xE9;xico)</subfield>
    <subfield code="9">25416</subfield>
  </datafield>
  <datafield tag="650" ind1="1" ind2="4">
    <subfield code="a">Mitolog&#xED;a</subfield>
    <subfield code="x">Exposiciones</subfield>
    <subfield code="z">Oaxaca (M&#xE9;xico)</subfield>
    <subfield code="9">25417</subfield>
  </datafield>
  <datafield tag="650" ind1="1" ind2="4">
    <subfield code="a">Pintura mexicana</subfield>
    <subfield code="x">Exposiciones</subfield>
    <subfield code="z">Oaxaca (M&#xE9;xico)</subfield>
    <subfield code="9">25418</subfield>
  </datafield>
  <datafield tag="700" ind1="1" ind2=" ">
    <subfield code="a">Gagnier de Mendoza, Mary Jane</subfield>
    <subfield code="9">25419</subfield>
  </datafield>
  <datafield tag="700" ind1="1" ind2=" ">
    <subfield code="a">Craighead, Linda</subfield>
    <subfield code="9">25420</subfield>
  </datafield>
  <datafield tag="710" ind1="2" ind2=" ">
    <subfield code="a">Palo Alto Cultural Center</subfield>
    <subfield code="9">25421</subfield>
  </datafield>
  <datafield tag="710" ind1="2" ind2=" ">
    <subfield code="a">Oaxaca de Ju&#xE1;rez (M&#xE9;xico)</subfield>
    <subfield code="9">25422</subfield>
  </datafield>
  <datafield tag="740" ind1="0" ind2=" ">
    <subfield code="a">Mito y Magia : Oaxaca Pasado y Presente</subfield>
  </datafield>
  <datafield tag="902" ind1=" " ind2=" ">
    <subfield code="a">GRL</subfield>
  </datafield>
  <datafield tag="942" ind1=" " ind2=" ">
    <subfield code="2">lcc</subfield>
    <subfield code="c">B</subfield>
  </datafield>
  <datafield tag="999" ind1=" " ind2=" ">
    <subfield code="c">9761</subfield>
    <subfield code="d">9761</subfield>
  </datafield>
  <datafield tag="952" ind1=" " ind2=" ">
    <subfield code="0">0</subfield>
    <subfield code="1">0</subfield>
    <subfield code="4">0</subfield>
    <subfield code="7">0</subfield>
    <subfield code="a">BRL</subfield>
    <subfield code="b">BRL</subfield>
    <subfield code="d">2013-10-28</subfield>
    <subfield code="l">0</subfield>
    <subfield code="o">GR115.5.O29 .M97 1994</subfield>
    <subfield code="p">GRL01025</subfield>
    <subfield code="r">2019-03-22 00:00:00</subfield>
    <subfield code="w">2019-03-22</subfield>
    <subfield code="y">B</subfield>
  </datafield>
  <datafield tag="952" ind1=" " ind2=" ">
    <subfield code="0">0</subfield>
    <subfield code="1">0</subfield>
    <subfield code="4">0</subfield>
    <subfield code="7">0</subfield>
    <subfield code="a">BRL</subfield>
    <subfield code="b">BRL</subfield>
    <subfield code="d">2016-01-11</subfield>
    <subfield code="l">0</subfield>
    <subfield code="o">GR115.5.O29 .M97 1994</subfield>
    <subfield code="p">GRL01836</subfield>
    <subfield code="r">2019-03-22 00:00:00</subfield>
    <subfield code="w">2019-03-22</subfield>
    <subfield code="y">B</subfield>
  </datafield>
</record>
